Score 0/13 Timer 02:00
4 Plays Today
Clue 4-Letter Word % Correct
Hit Rihanna songWORK
92.9%
Slang term for marijuanaWEED
87.5%
Food given to pigsSLOP
84.9%
Part of a flight?STEP
80.8%
Way to unite metal objectsWELD
80.7%
Word on octagonal signSTOP
77.4%
Follower of 'read em'WEEP
77.1%
Ooze slowlySEEP
76.6%
'Mot' in Marseille or 'palabra' in PamplonaWORD
72.1%
Upland area of open countryWOLD
59.3%
The Friday before Easter?GOOD
55.6%
Gwyneth Paltrow companyGOOP
50.5%
Unappetizing food, slangilyGLOP
49.7%

Today's Daily Dose

Remove Ads.
Support Sporcle.
Get the best of Sporcle when you Go Orange. This ad-free experience offers more features, more stats, and more fun while also helping to support Sporcle. Thank you for becoming a member.

You're not logged in!

Compare scores with friends on all Sporcle quizzes.
OR
Log In

Show Comments

Extras

Top Quizzes Today


Score Distribution

Your Account Isn't Verified!

In order to create a playlist on Sporcle, you need to verify the email address you used during registration. Go to your Sporcle Settings to finish the process.

Report this User

Report this user for behavior that violates our Community Guidelines.

Details: